The Most Popular Books - Statistics

General Stats
  • This quiz has been taken 56 times
    42 since last reset
  • The average score is 10 of 20
Answer Stats
Place Author Answer % Correct
7th George Orwell 1984
87%
13th George Orwell Animal Farm
74%
2nd Suzanne Collins The Hunger Games
74%
8th Jane Austen Pride and Prejudice
68%
4th Harper Lee To Kill A Mockingbird
68%
5th F. Scott Fitzgerald The Great Gatsby
61%
1st J.K. Rowling Harry Potter and the Sorcerer's Stone
58%
10th J.K. Rowling Harry Potter and the Prisoner of Azkaban
55%
11th J.R.R. Tolkien The Hobbit
55%
3rd Stephenie Meyer Twilight
55%
6th John Green The Fault in Our Stars
47%
15th J.K. Rowling Harry Potter and the Chamber of Secrets
45%
17th J.K. Rowling Harry Potter and the Goblet of Fire
45%
16th J.D. Salinger The Catcher in the Rye
42%
12th J.K. Rowling Harry Potter and the Deathly Hallows
37%
9th Veronica Roth Divergent
29%
20th Suzanne Collins Catching Fire
26%
19th Stieg Larsson The Girl with the Dragon Tattoo
21%
18th Dan Brown Angels & Demons
18%
14th Anne Frank The Dirty of a Young Girl
0%
No matching quizzes found
Score Distribution
Percent of People with Each Score
Percentile by Number Answered
Your Score History
You have not taken this quiz since the last reset